000 00599nam a2200229Ia 4500
003 OSt
005 20221007074152.0
006 a|||||r|||| 00| 0
007 ta
008 221006b |||||||| |||| 00| 0 eng d
024 _a24,273
037 _cTextual
040 _aFLL
_cFLL
_beng
041 _2eng
_aeng
082 _aZ2:4, G8
100 _aIyer S. Ramaswamy
_9154695
245 0 _aLaw of torts
260 _aMadras
_bThe Madras Law Journal Office India
_c1938
300 _axviii,272p
_ccm.
942 _hZ2:4, G8
_cTEXL
_2CC
999 _c1151409
_d1151409